| Tag |
First Indicator |
Second Indicator |
Subfields |
| LEADER |
00000cam a2200000 4500 |
| 001 |
in00002784089 |
| 005 |
20151202171607.0 |
| 008 |
700805s1970 dcuab b 000 0 eng |
| 010 |
|
|
|a 74607467
|
| 035 |
|
|
|a (OCoLC)ocm00088826
|
| 035 |
|
|
|a (OCoLC)88826
|
| 040 |
|
|
|a DLC
|b eng
|c DLC
|d IAS
|d OCLCG
|d GBVCP
|d UtOrBLW
|
| 043 |
|
|
|a n-us-ca
|
| 049 |
|
|
|a TXAM
|
| 050 |
0 |
4 |
|a QE75
|b .P9 no. 646-B
|
| 051 |
|
|
|a QB331
|b .B818
|c Copy 2.
|
| 082 |
0 |
4 |
|a 550/.8 s
|
| 084 |
|
|
|a 13
|2 ssgn
|
| 086 |
0 |
|
|a I 19.16:646-B
|
| 100 |
1 |
|
|a Burch, Stephen H.,
|d 1938-
|
| 245 |
1 |
0 |
|a Complete Bouguer gravity and general geology of the Bradley, San Miguel, Adelaida, and Paso Robles quadrangles, California /
|c by Stephen H. Burch and David L. Durham.
|
| 264 |
|
1 |
|a Washington :
|b U.S. Govt. Print. Off,
|c 1970.
|
| 300 |
|
|
|a iii, 14 pages :
|b illustrations, maps (1 folded color in pocket) ;
|c 29 cm.
|
| 336 |
|
|
|a text
|b txt
|2 rdacontent
|
| 337 |
|
|
|a unmediated
|b n
|2 rdamedia
|
| 338 |
|
|
|a volume
|b nc
|2 rdacarrier
|
| 490 |
1 |
|
|a Geophysical field investigations
|
| 490 |
1 |
|
|a Geological Survey professional paper 646-B
|
| 504 |
|
|
|a Bibliography: page 14.
|
| 650 |
|
0 |
|a Gravity
|z California
|z San Luis Obispo County.
|
| 650 |
|
0 |
|a Gravity
|z California
|z Monterey County.
|
| 650 |
|
0 |
|a Geology
|z California
|z San Luis Obispo County.
|
| 650 |
|
0 |
|a Geology
|z California
|z Monterey County.
|
| 700 |
1 |
|
|a Durham, David L.,
|d 1925-
|e author.
|
| 830 |
|
0 |
|a Geophysical field investigations.
|
| 830 |
|
0 |
|a Geological Survey professional paper ;
|v 646-B.
|
| 948 |
|
|
|a cataloged
|b h
|c 2012/12/3
|d c
|e mvaldespin
|f 01:20:18 pm
|
| 994 |
|
|
|a C0
|b TXA
|
| 999 |
|
|
|a MARS
|
| 999 |
f |
f |
|s fb5b8680-1026-3294-982c-6b7279f48be2
|i 217bc0f2-8dc7-3786-91cb-ba12e8ac70ed
|t 0
|
| 952 |
f |
f |
|p normal
|a Texas A&M University
|b College Station
|c Sterling C. Evans Library
|d Evans: US Documents (Annex 5th floor)
|t 0
|e I 19.16:646-B
|h Superintendent of Documents classification
|i unmediated -- volume
|m A14839369006
|
| 998 |
f |
f |
|a I 19.16:646-B
|t 0
|l Evans: US Documents (Annex 5th floor)
|